| 000 | 00883cam a2200289 a 4500 | ||
|---|---|---|---|
| 001 | 195521 | ||
| 005 | 20170105102918.0 | ||
| 008 | 981210s1998 pk b 000 0 eng | ||
| 010 | _a 98930141 | ||
| 020 | _a9693508246 | ||
| 025 | _aP-E-98930141; 13 | ||
| 035 | _a(DLC) 98930141 | ||
| 040 |
_aDLC _cDLC _dDLC |
||
| 042 | _alcode | ||
| 043 | _aa-pk--- | ||
| 050 | 0 | 0 |
_aDS379 _b.P37 1998 |
| 082 | 0 | 0 |
_a954.91 _221 |
| 100 | 1 |
_aPāshā, Aḥmad Shujāʻ, _d1923- |
|
| 245 | 1 | 0 |
_aPakistan, the cultural heritage / _cAhmed Shuja Pasha. |
| 260 |
_aLahore : _bSang-e-Meel Publications, _c1998. |
||
| 300 |
_a191 p. ; _c22 cm. |
||
| 504 | _aIncludes bibliographical references (p. 191). | ||
| 651 | 0 |
_aPakistan _xCivilization. |
|
| 906 |
_a7 _bcbc _corigode _d3 _encip _f19 _gy-gencatlg |
||
| 942 |
_2ddc _cBK |
||
| 999 |
_c15441 _d15441 |
||